[Event "GBR-ch77"]
[Site "Eastbourne"]
[Date "1990.08.09"]
[Round "10.35"]
[White "Knox, David"]
[Black "Clarke, Thomas M"]
[Result "1-0"]
[WhiteElo "2260"]
[BlackElo "2215"]
[PlyCount "57"]
[EventDate "1990.07.30"]
[EventType "swiss"]
[EventRounds "11"]
[EventCountry "GBR"]
[SourceTitle "BritBase"]

1. e4 e6 2. d4 d5 3. Nc3 Bb4 4. e5 c5 5. a3 Bxc3+ 6. bxc3 Ne7 7. Nf3 Qc7 8. a4
b6 9. Bb5+ Bd7 10. O-O Bxb5 11. axb5 a5 12. Bg5 O-O 13. c4 cxd4 14. Bxe7 Qxe7
15. cxd5 exd5 16. Re1 Nd7 17. Nxd4 Rac8 18. Nc6 Qe6 19. f4 Rfe8 20. Qf3 Nb8 21.
f5 Qh6 22. Nd4 Nd7 23. Nc6 Nb8 24. e6 Nxc6 25. exf7+ Kxf7 26. Qxd5+ Kf8 27. f6
Nb4 28. fxg7+ Kxg7 29. Qd7+ 1-0

[Event "GBR-ch77"]
[Site "Eastbourne"]
[Date "1990.08.09"]
[Round "10.36"]
[White "Morrison, Chris"]
[Black "Milligan, Helen"]
[Result "1/2-1/2"]
[WhiteElo "2250"]
[BlackElo "2035"]
[PlyCount "35"]
[EventDate "1990.07.30"]
[EventType "swiss"]
[EventRounds "11"]
[EventCountry "GBR"]
[SourceTitle "BritBase"]

1. e4 e5 2. Bc4 Nf6 3. d3 Nc6 4. Nc3 Na5 5. Nf3 Nxc4 6. dxc4 d6 7. O-O Be7 8.
Bg5 h6 9. Bxf6 Bxf6 10. Qe2 O-O 11. Rad1 Qe8 12. Qe3 b6 13. b4 Ba6 14. Nd5 Bd8
15. Qc3 f5 16. Rfe1 c6 17. Ne3 fxe4 18. Nd2 1/2-1/2

[Event "GBR-ch77"]
[Site "Eastbourne"]
[Date "1990.08.10"]
[Round "11.1"]
[White "Norwood, David"]
[Black "Plaskett, H James"]
[Result "0-1"]
[WhiteElo "2515"]
[BlackElo "2445"]
[PlyCount "88"]
[EventDate "1990.07.30"]
[EventType "swiss"]
[EventRounds "11"]
[EventCountry "GBR"]
[SourceTitle "BritBase"]

1. g3 Nf6 2. Bg2 d5 3. Nf3 c6 4. O-O Bg4 5. d3 Nbd7 6. Nbd2 e6 7. h3 Bh5 8. e4
Bxf3 9. Qxf3 Bc5 10. c3 O-O 11. d4 dxe4 12. Nxe4 Nxe4 13. Qxe4 Bd6 14. Qc2 Rc8
15. Be3 b5 16. a4 b4 17. a5 bxc3 18. bxc3 Nf6 19. c4 c5 20. Rfd1 Qc7 21. Rab1
cxd4 22. Bxd4 Bc5 23. Rb7 Qxa5 24. Bc3 Qa6 25. Rb5 Nd5 26. Ra1 Qxb5 27. cxb5
Nxc3 28. Ra6 Bb6 29. Qb3 Ne2+ 30. Kh2 Bxf2 31. Qf3 Bxg3+ 32. Kh1 Rc1+ 33. Bf1
Nd4 34. Qxg3 Rxf1+ 35. Kg2 Rg1+ 36. Kxg1 Ne2+ 37. Kf2 Nxg3 38. Kxg3 g6 39. Rxa7
Rb8 40. Ra5 e5 41. Kf3 f5 42. Ke3 Kf7 43. Kd3 Ke6 44. Kc4 f4 0-1

[Event "GBR-ch77"]
[Site "Eastbourne"]
[Date "1990.08.10"]
[Round "11.2"]
[White "Hodgson, Julian M"]
[Black "King, Daniel J"]
[Result "1-0"]
[WhiteElo "2555"]
[BlackElo "2560"]
[PlyCount "123"]
[EventDate "1990.07.30"]
[EventType "swiss"]
[EventRounds "11"]
[EventCountry "GBR"]
[SourceTitle "BritBase"]

1. g3 c5 2. Bg2 Nc6 3. Nf3 g6 4. d4 cxd4 5. Nxd4 Bg7 6. Nb3 Nf6 7. Nc3 O-O 8.
O-O d6 9. h3 Rb8 10. Be3 Bd7 11. a4 b6 12. Kh2 Ne5 13. Nd4 a6 14. Bg5 h6 15.
Bxf6 Bxf6 16. Nd5 Bg7 17. f4 Nc4 18. b3 Na5 19. f5 gxf5 20. Ne3 e6 21. Qd3 Rc8
22. Rad1 d5 23. Qxa6 Qg5 24. Rf3 Nc6 25. h4 Qg6 26. Ndxf5 exf5 27. Nxd5 Be6 28.
Nf4 Qf6 29. Nh5 Qe5 30. Qxb6 Qxe2 31. Nxg7 Qxd1 32. Nxe6 fxe6 33. Rc3 f4 34.
Rxc6 fxg3+ 35. Kh3 h5 36. Rc4 Qd7 37. Qb5 Qg7 38. Qxh5 Rxc4 39. bxc4 Rf5 40.
Qe8+ Kh7 41. Qxe6 Ra5 42. Be4+ Kh8 43. Bd5 Kh7 44. Qf5+ Kh6 45. Qf4+ Kh7 46.
Be4+ Kh8 47. Qb8+ Qg8 48. Qb6 Qc8+ 49. Kg2 Qxc4 50. Qxa5 Qxe4+ 51. Kxg3 Qe3+
52. Kg4 Qe4+ 53. Kg5 Qg2+ 54. Kf6 Qg7+ 55. Kf5 Qh7+ 56. Kf4 Qxh4+ 57. Ke3 Qg3+
58. Kd2 Qf2+ 59. Kc1 Qd4 60. Kb1 Kh7 61. Qb5 Qd1+ 62. Kb2 1-0

[Event "GBR-ch77"]
[Site "Eastbourne"]
[Date "1990.08.10"]
[Round "11.4"]
[White "Mestel, A Jonathan"]
[Black "Flear, Glenn C"]
[Result "1-0"]
[WhiteElo "2505"]
[BlackElo "2485"]
[PlyCount "101"]
[EventDate "1990.07.30"]
[EventType "swiss"]
[EventRounds "11"]
[EventCountry "GBR"]
[SourceTitle "BritBase"]

1. c4 e6 2. Nf3 d5 3. b3 Nf6 4. g3 Be7 5. Bg2 O-O 6. O-O c5 7. Bb2 Nc6 8. e3 d4
9. exd4 cxd4 10. Re1 Ne8 11. d3 f6 12. Na3 e5 13. Nc2 Nc7 14. a3 a5 15. Rb1 Be6
16. Nfxd4 Nxd4 17. Bxd4 exd4 18. Rxe6 Nxe6 19. Bd5 Kh8 20. Bxe6 Bxa3 21. Nxa3
Qe7 22. Bf5 g6 23. Nc2 gxf5 24. Nxd4 f4 25. Qf3 fxg3 26. hxg3 Rae8 27. Nf5 Qb4
28. Kg2 Rf7 29. Nh6 Rff8 30. Nf5 Rf7 31. Nh6 Rff8 32. Rh1 Re7 33. Nf5 Rd7 34.
Nh4 Rg7 35. Qf5 Kg8 36. Qe6+ Kh8 37. Nf5 Rgf7 38. Nd6 Rg7 39. Nf5 Rgf7 40. Re1
Qc5 41. d4 Qc6+ 42. d5 Qc5 43. Re4 b6 44. d6 Qc6 45. Ne7 Qa8 46. Kg1 a4 47.
bxa4 Rg7 48. Nf5 Ra7 49. d7 Qd8 50. Rd4 Rxa4 51. Qe7 1-0

[Event "GBR-ch77"]
[Site "Eastbourne"]
[Date "1990.08.10"]
[Round "11.5"]
[White "McDonald, Neil R"]
[Black "Emms, John M"]
[Result "0-1"]
[WhiteElo "2350"]
[BlackElo "2430"]
[PlyCount "120"]
[EventDate "1990.07.30"]
[EventType "swiss"]
[EventRounds "11"]
[EventCountry "GBR"]
[SourceTitle "BritBase"]

1. e4 e5 2. Nf3 Nc6 3. Bb5 a6 4. Ba4 Nf6 5. O-O Be7 6. Re1 b5 7. Bb3 O-O 8. c3
d6 9. h3 Re8 10. d4 Bb7 11. Nbd2 Bf8 12. Bc2 g6 13. a4 exd4 14. cxd4 Nb4 15.
Bb1 c5 16. d5 Nd7 17. Nf1 c4 18. Bd2 Nd3 19. Bxd3 cxd3 20. axb5 Nc5 21. bxa6
Bxa6 22. Ng3 Bg7 23. Bc3 Bxc3 24. bxc3 Qf6 25. Ra3 Bc4 26. e5 dxe5 27. Rxa8
Rxa8 28. Rxe5 Ra2 29. Qe1 Kg7 30. Qe3 Nd7 31. Rf5 Qb6 32. Rf4 Qxe3 33. fxe3
Bxd5 34. e4 Bc6 35. Nf1 Re2 36. Nd4 Rxe4 37. Rxe4 Bxe4 38. Nd2 Nc5 39. Kf2 Kf6
40. g3 Ke5 41. Ke3 f5 42. h4 Kd5 43. c4+ Kd6 44. N2b3 Na4 45. g4 Ke5 46. gxf5
gxf5 47. Nf3+ Bxf3 48. Kxf3 f4 49. h5 Nb2 50. c5 Nc4 51. Nc1 d2 52. Nd3+ Kd4
53. Nf2 Kxc5 54. Kxf4 Kd4 55. Kf3 Kc3 56. Ke4 Kc2 57. Kf5 Nb2 58. Kf6 Nd3 59.
Ng4 Kc1 60. Ne3 Nf4 0-1

[Event "GBR-ch77"]
[Site "Eastbourne"]
[Date "1990.08.10"]
[Round "11.6"]
[White "Ledger, Andrew"]
[Black "Wells, Peter K"]
[Result "1/2-1/2"]
[WhiteElo "2350"]
[BlackElo "2415"]
[PlyCount "65"]
[EventDate "1990.07.30"]
[EventType "swiss"]
[EventRounds "11"]
[EventCountry "GBR"]
[SourceTitle "BritBase"]

1. Nf3 Nf6 2. g3 b6 3. Bg2 Bb7 4. O-O e6 5. d3 d5 6. Nbd2 Nbd7 7. e4 dxe4 8.
Ng5 Be7 9. Ngxe4 Qc8 10. a4 a6 11. Nc4 O-O 12. Qe2 Re8 13. Bd2 Nd5 14. Rfe1 Bf8
15. Ng5 h6 16. Nf3 Rb8 17. Nfe5 Nxe5 18. Nxe5 c5 19. Qh5 Qc7 20. Ng4 f5 21. c4
fxg4 22. cxd5 Qd7 23. Bf4 e5 24. Bxe5 Rbd8 25. d6 Bxg2 26. Kxg2 Kh7 27. Bf4
Rxe1 28. Rxe1 Bxd6 29. Bxd6 Qxd6 30. Qf5+ Kh8 31. Re6 Qd4 32. b3 b5 33. Rxa6
1/2-1/2

[Event "GBR-ch77"]
[Site "Eastbourne"]
[Date "1990.08.10"]
[Round "11.7"]
[White "Muir, Andrew Joseph"]
[Black "McNab, Colin Anderson"]
[Result "1/2-1/2"]
[WhiteElo "2310"]
[BlackElo "2385"]
[PlyCount "31"]
[EventDate "1990.07.30"]
[EventType "swiss"]
[EventRounds "11"]
[EventCountry "GBR"]
[SourceTitle "BritBase"]

1. d4 d6 2. e4 g6 3. Nc3 Bg7 4. f4 Nf6 5. Nf3 c5 6. Bb5+ Nc6 7. dxc5 Qa5 8. O-O
O-O 9. Qe1 Ng4 10. Bd3 Qxc5+ 11. Kh1 Nd4 12. h3 Nxf3 13. Rxf3 Nf6 14. Be3 Qc7
15. Bd4 e5 16. Nb5 1/2-1/2

[Event "GBR-ch77"]
[Site "Eastbourne"]
[Date "1990.08.10"]
[Round "11.8"]
[White "Ward, Christopher R"]
[Black "Suba, Mihai"]
[Result "0-1"]
[WhiteElo "2460"]
[BlackElo "2520"]
[PlyCount "68"]
[EventDate "1990.07.30"]
[EventType "swiss"]
[EventRounds "11"]
[EventCountry "GBR"]
[SourceTitle "BritBase"]

1. c4 Nf6 2. Nc3 c5 3. Nf3 e6 4. d4 cxd4 5. Nxd4 Bb4 6. g3 O-O 7. Bg2 d5 8. Qb3
Bxc3+ 9. Qxc3 e5 10. Nb3 d4 11. Qa5 Qe8 12. O-O Nc6 13. Qa4 h6 14. Nc5 a5 15.
a3 e4 16. b4 Qe7 17. Nb3 Rd8 18. Bb2 e3 19. f4 Bh3 20. Bxh3 axb4 21. Qb5 bxa3
22. Bc1 Ne4 23. Bg4 d3 24. exd3 Rxd3 25. c5 Nf2 26. Rxf2 exf2+ 27. Kxf2 Qe4 28.
Ra2 Qd5 29. Rd2 Rxd2+ 30. Bxd2 a2 31. Bf3 Qxf3+ 32. Kxf3 a1=Q 33. Qxb7 Qh1+ 34.
Ke3 Rb8 0-1

[Event "GBR-ch77"]
[Site "Eastbourne"]
[Date "1990.08.10"]
[Round "11.9"]
[White "Basman, Michael J"]
[Black "Watson, William N"]
[Result "0-1"]
[WhiteElo "2370"]
[BlackElo "2495"]
[PlyCount "83"]
[EventDate "1990.07.30"]
[EventType "swiss"]
[EventRounds "11"]
[EventCountry "GBR"]
[SourceTitle "BritBase"]

1. h3 e5 2. a3 d5 3. c4 c6 4. cxd5 cxd5 5. g4 Ne7 6. d3 Nbc6 7. Nc3 g6 8. Nf3
Bg7 9. g5 Be6 10. Bg2 Qd7 11. Bd2 Nd4 12. Rc1 Rc8 13. e3 Ndc6 14. b4 b6 15. h4
Bg4 16. b5 Na5 17. Qa4 O-O 18. h5 Rfd8 19. hxg6 hxg6 20. Rh4 Be6 21. Ne2 Rxc1+
22. Bxc1 Nf5 23. Rb4 e4 24. dxe4 dxe4 25. Nfd4 Nh4 26. Bxe4 Bd5 27. Qc2 Qg4 28.
Bxd5 Rxd5 29. Bb2 Qxg5 30. Qe4 Bf8 31. f4 Qg2 32. Qxg2 Nxg2+ 33. Kf2 Bxb4 34.
axb4 Nc4 35. Bc1 Nh4 36. Nc3 Rd8 37. Ke2 Nf5 38. Nc6 Rd7 39. e4 Ng3+ 40. Kf2
Rd3 41. Ne7+ Kf8 42. Ned5 0-1

[Event "GBR-ch77"]
[Site "Eastbourne"]
[Date "1990.08.10"]
[Round "11.10"]
[White "Murshed, Niaz"]
[Black "Morris, Philip"]
[Result "1-0"]
[WhiteElo "2465"]
[BlackElo "2380"]
[PlyCount "83"]
[EventDate "1990.07.30"]
[EventType "swiss"]
[EventRounds "11"]
[EventCountry "GBR"]
[SourceTitle "BritBase"]

1. d4 Nf6 2. c4 g6 3. Nc3 d5 4. Nf3 Bg7 5. Bg5 Ne4 6. cxd5 Nxg5 7. Nxg5 c6 8.
h4 cxd5 9. e3 e6 10. f4 Nc6 11. Bd3 Bd7 12. Nb5 Bc8 13. h5 a6 14. Nc3 Qe7 15.
a3 Bd7 16. Qc2 h6 17. Nf3 g5 18. g3 Bf6 19. O-O-O O-O 20. Kb1 b5 21. e4 b4 22.
e5 Bg7 23. fxg5 bxc3 24. Qxc3 Rab8 25. Bc2 f5 26. exf6 Bxf6 27. gxf6 Rxf6 28.
Ne5 Nxe5 29. dxe5 Rff8 30. Rhf1 Bb5 31. Rf6 Rxf6 32. exf6 Qd6 33. Qe3 Rb7 34.
Qxh6 Be2 35. Re1 Qe5 36. f7+ Rxf7 37. Qd2 Rf1 38. Rxf1 Bxf1 39. h6 Qxg3 40. h7+
Kh8 41. Qb4 Bd3 42. Qd4+ 1-0

[Event "GBR-ch77"]
[Site "Eastbourne"]
[Date "1990.08.10"]
[Round "11.11"]
[White "Tozer, Richard"]
[Black "Conquest, Stuart"]
[Result "1/2-1/2"]
[WhiteElo "2285"]
[BlackElo "2460"]
[PlyCount "52"]
[EventDate "1990.07.30"]
[EventType "swiss"]
[EventRounds "11"]
[EventCountry "GBR"]
[SourceTitle "BritBase"]

1. d4 Nf6 2. c4 c5 3. d5 b5 4. cxb5 a6 5. f3 g6 6. e4 Bg7 7. Na3 O-O 8. Ne2 e6
9. dxe6 fxe6 10. Qd6 axb5 11. Qxc5 d6 12. Qxb5 Nxe4 13. fxe4 Rxa3 14. bxa3 Bxa1
15. Qxb8 Qh4+ 16. Ng3 Qf6 17. Qb3 Bd7 18. Be3 Bc3+ 19. Kd1 Bd4 20. Bc4 Bxe3 21.
Qxe3 Ba4+ 22. Bb3 Qa1+ 23. Qc1 Qd4+ 24. Qd2 Qa1+ 25. Qc1 Qd4+ 26. Qd2 Qa1+
1/2-1/2

[Event "GBR-ch77"]
[Site "Eastbourne"]
[Date "1990.08.10"]
[Round "11.12"]
[White "Hebden, Mark"]
[Black "Coleman, David"]
[Result "1/2-1/2"]
[WhiteElo "2520"]
[BlackElo "2235"]
[PlyCount "123"]
[EventDate "1990.07.30"]
[EventType "swiss"]
[EventRounds "11"]
[EventCountry "GBR"]
[SourceTitle "BritBase"]

1. d4 Nf6 2. Nf3 g6 3. Nc3 d5 4. Bf4 Bg7 5. e3 O-O 6. Be2 c6 7. Qd2 a5 8. Ne5
Nfd7 9. h4 Nxe5 10. Bxe5 f6 11. Bg3 e5 12. h5 Be6 13. O-O-O Nd7 14. hxg6 hxg6
15. f4 b5 16. dxe5 fxe5 17. fxe5 b4 18. Na4 Qe8 19. e4 dxe4 20. Qg5 Rf5 21. Qh4
Nxe5 22. Nc5 Bxa2 23. Qh7+ Kf7 24. Nxe4 Rd8 25. Rxd8 Qxd8 26. Rd1 Bd5 27. Bxe5
Rxe5 28. Rf1+ Rf5 29. Rxf5+ gxf5 30. Bh5+ Kf8 31. Qxf5+ Kg8 32. Bf3 a4 33. Ng5
a3 34. bxa3 bxa3 35. Bxd5+ Qxd5 36. Qc8+ Bf8 37. Ne6 Kf7 38. Qxf8+ Kxe6 39.
Qg8+ Ke5 40. Qg3+ Kf5 41. Qh3+ Ke4 42. Qh7+ Ke3 43. Qh3+ Ke2 44. Qxa3 Qxg2 45.
Qd3+ Kf2 46. Qd2+ Kg3 47. Qxg2+ Kxg2 48. Kd2 Kf3 49. Kd3 Kf4 50. Kd4 Kf5 51. c3
Ke6 52. Kc5 Kd7 53. Kb6 Kd6 54. c4 c5 55. Kb5 Kd7 56. Kxc5 Kc7 57. Kb5 Kb7 58.
c5 Kc7 59. c6 Kc8 60. Kb6 Kb8 61. c7+ Kc8 62. Kc6 1/2-1/2

[Event "GBR-ch77"]
[Site "Eastbourne"]
[Date "1990.08.10"]
[Round "11.13"]
[White "Walker, David"]
[Black "Sadler, Matthew D"]
[Result "1/2-1/2"]
[WhiteElo "2325"]
[BlackElo "2470"]
[PlyCount "76"]
[EventDate "1990.07.30"]
[EventType "swiss"]
[EventRounds "11"]
[EventCountry "GBR"]
[SourceTitle "BritBase"]

1. d4 d5 2. c4 dxc4 3. e4 Nf6 4. e5 Nd5 5. Bxc4 Nc6 6. Be3 Nb6 7. Bd3 e6 8. Nf3
Nb4 9. Be4 N4d5 10. Bg5 Be7 11. Bxe7 Qxe7 12. O-O Bd7 13. Nc3 Bc6 14. Re1 Qd7
15. Rc1 O-O-O 16. Bd3 f5 17. exf6 gxf6 18. Ne4 Rde8 19. Bf1 Rhg8 20. g3 Kb8 21.
Bg2 Ka8 22. Nxf6 Nxf6 23. Ne5 Qc8 24. Nxc6 bxc6 25. Bxc6+ Kb8 26. a4 Qa6 27.
Qb3 Qa5 28. Re5 Nfd5 29. Rc5 Qd2 30. Bxe8 Rxe8 31. Rcxd5 Rf8 32. Rd8+ Rxd8 33.
a5 Qxd4 34. Rb5 Rf8 35. Qc2 Rf7 36. axb6 axb6 37. Rb3 Rxf2 38. Rxb6+ Qxb6
1/2-1/2

[Event "GBR-ch77"]
[Site "Eastbourne"]
[Date "1990.08.10"]
[Round "11.15"]
[White "Rayner, Francis"]
[Black "Howell, James C"]
[Result "1/2-1/2"]
[WhiteElo "2230"]
[BlackElo "2415"]
[PlyCount "81"]
[EventDate "1990.07.30"]
[EventType "swiss"]
[EventRounds "11"]
[EventCountry "GBR"]
[SourceTitle "BritBase"]

1. c4 e5 2. Nc3 Bb4 3. g3 Bxc3 4. dxc3 d6 5. Bg2 Nd7 6. Nf3 Ngf6 7. O-O O-O 8.
Qc2 Re8 9. b3 e4 10. Nd4 h6 11. Nf5 b6 12. a4 a5 13. Rd1 Bb7 14. Bf4 Ne5 15.
Qc1 Nfd7 16. Qc2 Ng6 17. Be3 Re5 18. Bh3 Re8 19. Rd2 Ndf8 20. Rad1 Bc8 21. Kg2
Re5 22. Rd5 Bb7 23. Rxe5 Nxe5 24. Nd4 Nfd7 25. Kg1 Nf6 26. Bg2 Qd7 27. h3 Re8
28. Nb5 Qe7 29. Qd2 Bc6 30. Nd4 Bb7 31. Nc2 Qe6 32. Bd4 Nc6 33. Bxf6 Qxf6 34.
Ne3 Ne7 35. Qd4 Qxd4 36. Rxd4 f5 37. h4 Kf7 38. Bh3 Kf6 39. h5 Kg5 40. Ng2 Kf6
41. Nf4 1/2-1/2

[Event "GBR-ch77"]
[Site "Eastbourne"]
[Date "1990.08.10"]
[Round "11.16"]
[White "Lalic, Susan"]
[Black "Martin, Andrew D"]
[Result "1/2-1/2"]
[WhiteElo "2270"]
[BlackElo "2415"]
[PlyCount "70"]
[EventDate "1990.07.30"]
[EventType "swiss"]
[EventRounds "11"]
[EventCountry "GBR"]
[SourceTitle "BritBase"]

1. e4 Nf6 2. Nc3 e5 3. Nf3 d6 4. d4 Nbd7 5. Bc4 Be7 6. dxe5 dxe5 7. O-O O-O 8.
Qe2 c6 9. a4 a5 10. Bg5 Ne8 11. Be3 Qc7 12. Rad1 Nc5 13. Ng5 Bxg5 14. Bxg5 Be6
15. Bxe6 Nxe6 16. Be3 Nf6 17. Rd3 Qe7 18. f3 Rfd8 19. Rfd1 Rxd3 20. Rxd3 Qb4
21. b3 Nd4 22. Bxd4 exd4 23. Nb1 Nd7 24. Qd2 c5 25. Qxb4 axb4 26. Rd1 g5 27.
Nd2 Ne5 28. Kf2 Kf8 29. g3 Ke7 30. h3 Rd8 31. f4 gxf4 32. gxf4 Ng6 33. f5 Ne5
34. Nf3 Kf6 35. Ne1 Rg8 1/2-1/2

[Event "GBR-ch77"]
[Site "Eastbourne"]
[Date "1990.08.10"]
[Round "11.17"]
[White "Cooper, John Grantley"]
[Black "Kumaran, Dharshan"]
[Result "1/2-1/2"]
[WhiteElo "2390"]
[BlackElo "2245"]
[PlyCount "40"]
[EventDate "1990.07.30"]
[EventType "swiss"]
[EventRounds "11"]
[EventCountry "GBR"]
[SourceTitle "BritBase"]

1. Nf3 Nf6 2. c4 c5 3. Nc3 e6 4. g3 b6 5. Bg2 Bb7 6. O-O a6 7. b3 d6 8. Bb2 Be7
9. e3 O-O 10. d4 cxd4 11. exd4 Nbd7 12. d5 e5 13. Nh4 g6 14. f4 exf4 15. gxf4
b5 16. Kh1 bxc4 17. bxc4 Rc8 18. Qd3 Nb6 19. Rae1 Nxc4 20. Ba1 Rc7 1/2-1/2

[Event "GBR-ch77"]
[Site "Eastbourne"]
[Date "1990.08.10"]
[Round "11.20"]
[White "Buckley, Graeme"]
[Black "Bibby, Simon"]
[Result "1-0"]
[WhiteElo "2225"]
[BlackElo "2280"]
[PlyCount "88"]
[EventDate "1990.07.30"]
[EventType "swiss"]
[EventRounds "11"]
[EventCountry "GBR"]
[SourceTitle "BritBase"]

1. d4 Nf6 2. c4 g6 3. Nc3 Bg7 4. e4 d6 5. Be2 O-O 6. Bg5 c5 7. d5 Qa5 8. Bd2 e6
9. Nf3 exd5 10. exd5 Bg4 11. O-O a6 12. h3 Bxf3 13. Bxf3 Nbd7 14. Qc2 Qc7 15.
a4 Ne8 16. Bd1 f5 17. Ne2 Be5 18. Bh6 Ng7 19. Ra3 Rae8 20. Nf4 Bxf4 21. Bxf4
Re4 22. Bd2 Ne8 23. Bf3 Re7 24. Bh6 Rff7 25. h4 Ne5 26. Bd1 Nf6 27. Rg3 Neg4
28. Bc1 Re8 29. f3 Ne3 30. Bxe3 Rxe3 31. Qxf5 Ne4 32. Rxg6+ hxg6 33. Qxg6+ Rg7
34. Qe8+ Kh7 35. Bc2 Qe7 36. Bxe4+ Rxe4 37. Qh5+ Kg8 38. fxe4 Qxe4 39. Qf3 Qxh4
40. Qf8+ Kh7 41. Qf5+ Kg8 42. Qe6+ Kh7 43. Rf3 Rg3 44. Qf5+ Kh6 1-0

[Event "GBR-ch77"]
[Site "Eastbourne"]
[Date "1990.08.10"]
[Round "11.21"]
[White "Summerscale, Aaron"]
[Black "Ravikumar, Vaidyanathan"]
[Result "1/2-1/2"]
[WhiteElo "2315"]
[BlackElo "2355"]
[PlyCount "21"]
[EventDate "1990.07.30"]
[EventType "swiss"]
[EventRounds "11"]
[EventCountry "GBR"]
[SourceTitle "BritBase"]

1. d4 d5 2. Nf3 Nf6 3. e3 Bf5 4. c4 e6 5. Qb3 Qc8 6. Nc3 c6 7. Bd2 Nbd7 8. Rc1
Qb8 9. cxd5 exd5 10. Be2 Bd6 11. Na4 1/2-1/2

[Event "GBR-ch77"]
[Site "Eastbourne"]
[Date "1990.08.10"]
[Round "11.22"]
[White "Webster, Andrew"]
[Black "Lewis, Andrew P"]
[Result "0-1"]
[WhiteElo "2335"]
[BlackElo "2315"]
[PlyCount "80"]
[EventDate "1990.07.30"]
[EventType "swiss"]
[EventRounds "11"]
[EventCountry "GBR"]
[SourceTitle "BritBase"]

1. c4 Nf6 2. g3 e5 3. Bg2 d5 4. cxd5 Nxd5 5. Nc3 Nb6 6. Nf3 Nc6 7. a3 Be7 8.
O-O O-O 9. b4 Re8 10. Rb1 Bf8 11. d3 a5 12. b5 Nd4 13. Nd2 a4 14. e3 Ne6 15.
Nf3 Nc5 16. d4 exd4 17. Nxd4 Qf6 18. Qc2 Qg6 19. e4 Rd8 20. Nce2 Bg4 21. f3 Bd7
22. Be3 Rac8 23. Rfc1 Ne6 24. Qc3 Nxd4 25. Bxd4 f5 26. Nf4 Qf7 27. Bf1 fxe4 28.
fxe4 Kh8 29. Nd3 Qe8 30. Nc5 Be6 31. Nxb7 Rxd4 32. Qxd4 Bxa3 33. Rc6 Bf8 34.
Nc5 Bg8 35. Nxa4 Nxa4 36. Qxa4 Ra8 37. Qd4 Ra2 ({The bulletin gives} 37... Ba2
38. Bc4 Bxc4 39. Qxc4 Ra2 40. Rxc7 Qh5 {but is clearly wrong.}) 38. Bc4 Bxc4
39. Qxc4 Rd2 40. Rxc7 Qh5 {Source: bulletin, corrected by Paul Georghiou, 23
September 2020} 0-1

[Event "GBR-ch77"]
[Site "Eastbourne"]
[Date "1990.08.10"]
[Round "11.23"]
[White "Rahman, Tahmidur"]
[Black "Franklin, Michael J"]
[Result "1-0"]
[WhiteElo "2310"]
[BlackElo "2330"]
[PlyCount "63"]
[EventDate "1990.07.30"]
[EventType "swiss"]
[EventRounds "11"]
[EventCountry "GBR"]
[SourceTitle "BritBase"]

1. d4 Nf6 2. c4 e6 3. Nf3 Bb4+ 4. Nbd2 O-O 5. a3 Bxd2+ 6. Qxd2 b6 7. e3 Bb7 8.
Bd3 d6 9. b4 Nbd7 10. Bb2 a5 11. O-O Qe7 12. Qc2 e5 13. Bf5 g6 14. Bh3 Rfe8 15.
d5 Nh5 16. g3 f5 17. e4 f4 18. Rfc1 Rf8 19. Bg2 c5 20. dxc6 Bxc6 21. Qd3 Ndf6
22. c5 bxc5 23. bxc5 Bxe4 24. Qxd6 Qb7 25. Bxe5 fxg3 26. Bxg3 Bxf3 27. Qe6+ Rf7
28. c6 Qb5 29. Rab1 Qd3 30. Rb7 Raf8 31. Rxf7 Rxf7 32. c7 1-0

[Event "GBR-ch77"]
[Site "Eastbourne"]
[Date "1990.08.10"]
[Round "11.24"]
[White "Large, Peter G"]
[Black "Jones, Andrew"]
[Result "0-1"]
[WhiteElo "2325"]
[BlackElo "2245"]
[PlyCount "110"]
[EventDate "1990.07.30"]
[EventType "swiss"]
[EventRounds "11"]
[EventCountry "GBR"]
[SourceTitle "BritBase"]

1. e4 d6 2. d4 Nf6 3. Nc3 g6 4. f4 Bg7 5. Nf3 c5 6. dxc5 Qa5 7. Bd3 Qxc5 8. Qe2
Bg4 9. Be3 Qa5 10. O-O O-O 11. h3 Bxf3 12. Qxf3 Nc6 13. a3 Nd7 14. Bd2 Qd8 15.
Kh1 e6 16. Rad1 a6 17. f5 Qh4 18. Be1 Qe7 19. Bg3 Nce5 20. Qf2 Bf6 21. Bf4 b5
22. Bh6 Rfc8 23. Qd2 Nb6 24. Qf2 Nbd7 25. Qe3 Rc5 26. Qe2 Rac8 27. Be3 R5c6 28.
fxe6 fxe6 29. Na2 Nxd3 30. cxd3 d5 31. Nb4 Rd6 32. Bf4 e5 33. Bd2 dxe4 34. dxe4
Qe6 35. Bc3 Rxd1 36. Rxd1 Nc5 37. Nd5 Bg5 38. Bb4 Nd7 39. Qf2 Kg7 40. Qa7 Kh6
41. Nc3 Nf6 42. Rd6 Qc4 43. Rd1 Nxe4 44. Nxe4 Qxe4 45. Rf1 Bf4 46. Qe7 Qd3 47.
Qh4+ Kg7 48. Rxf4 exf4 49. Qxf4 Qb1+ 50. Kh2 Qxb2 51. Qd6 Qc2 52. Qd7+ Kg8 53.
Qe6+ Kg7 54. Qd7+ Kg8 55. Qd5+ Kg7 {Loss on time?} 0-1

[Event "GBR-ch77"]
[Site "Eastbourne"]
[Date "1990.08.10"]
[Round "11.26"]
[White "Collinson, Adam"]
[Black "Franklin, Chris"]
[Result "1-0"]
[WhiteElo "2315"]
[BlackElo "2275"]
[PlyCount "99"]
[EventDate "1990.07.30"]
[EventType "swiss"]
[EventRounds "11"]
[EventCountry "GBR"]
[SourceTitle "BritBase"]

1. e4 e6 2. d4 d5 3. Nd2 Nf6 4. e5 Nfd7 5. Bd3 c5 6. c3 Nc6 7. Ne2 cxd4 8. cxd4
f6 9. exf6 Nxf6 10. O-O Bd6 11. Nf3 O-O 12. Bf4 Bxf4 13. Nxf4 Qb6 14. Qd2 g6
15. Ne2 Bd7 16. a3 Rae8 17. Qg5 Ne4 18. Qg4 Nf6 19. Qh4 e5 20. dxe5 Nxe5 21.
Nxe5 Rxe5 22. Qd4 Bf5 23. Qxb6 axb6 24. Nf4 Bxd3 25. Nxd3 Re2 26. Rfe1 Rc2 27.
Rac1 Rfc8 28. Kf1 Rxc1 29. Rxc1 Rxc1+ 30. Nxc1 Kf7 31. Ke2 Ke6 32. f3 Nd7 33.
Nd3 d4 34. h4 Kd5 35. b3 Nb8 36. g3 Nd7 37. Nf4+ Ke5 38. a4 Kd6 39. Kd3 Ne5+
40. Ke4 Nc6 41. Nd3 Na5 42. b4 Nb3 43. f4 Nd2+ 44. Kxd4 Nf1 45. g4 Nh2 46. Ne5
Nf1 47. Nf3 h5 48. gxh5 gxh5 49. Ng5 Ng3 50. Ne4+ 1-0

[Event "GBR-ch77"]
[Site "Eastbourne"]
[Date "1990.08.10"]
[Round "11.27"]
[White "Jackson, Sheila"]
[Black "Knox, Victor W"]
[Result "1/2-1/2"]
[WhiteElo "2205"]
[BlackElo "2335"]
[PlyCount "49"]
[EventDate "1990.07.30"]
[EventType "swiss"]
[EventRounds "11"]
[EventCountry "GBR"]
[SourceTitle "BritBase"]

1. e4 e5 2. Nf3 Nc6 3. Bb5 f5 4. d3 fxe4 5. dxe4 Nf6 6. O-O Bc5 7. Qe2 d6 8.
Qc4 Bd7 9. Nc3 Qe7 10. Nd5 Nxd5 11. exd5 Nd4 12. Bxd7+ Kxd7 13. Nxd4 Bxd4 14.
Qb5+ Kc8 15. Be3 a6 16. Qb3 Bxe3 17. fxe3 b6 18. Rf3 Kb7 19. Raf1 Raf8 20. Qc4
Rxf3 21. Rxf3 Rf8 22. Qc6+ Kb8 23. Rxf8+ Qxf8 24. b4 Qf5 25. Qe8+ 1/2-1/2

[Event "GBR-ch77"]
[Site "Eastbourne"]
[Date "1990.08.10"]
[Round "11.28"]
[White "McLaren, Leonard"]
[Black "Hassabis, Demis"]
[Result "1-0"]
[WhiteElo "2205"]
[BlackElo "2285"]
[PlyCount "80"]
[EventDate "1990.07.30"]
[EventType "swiss"]
[EventRounds "11"]
[EventCountry "GBR"]
[SourceTitle "BritBase"]

1. e4 c5 2. Nc3 Nc6 3. f4 g6 4. g3 Bg7 5. Bg2 d6 6. d3 e6 7. Nf3 Nge7 8. O-O
O-O 9. Be3 Nd4 10. Bf2 Nec6 11. e5 dxe5 12. Nxe5 Nb4 13. a3 Nd5 14. Ne4 f6 15.
Nc4 b6 16. c3 Nf5 17. Qe2 Bb7 18. b4 cxb4 19. axb4 Qd7 20. Ra3 Bc6 21. Rfa1
Rfd8 22. Ncd2 Nfe7 23. b5 Bb7 24. d4 Nc8 25. c4 Nb4 26. Nb3 e5 27. Nec5 bxc5
28. Nxc5 Qf7 29. Nxb7 Re8 30. Qb2 e4 31. Qxb4 Qxb7 32. c5 f5 33. Rd1 Kh8 34. d5
Qf7 35. d6 Rd8 36. Bf1 Qf8 37. Bd4 Rb8 38. Ra2 Qf7 39. Rad2 Qd7 40. c6 Qxc6 1-0